Productivity in Indian agriculture : (Record no. 104962)

MARC details
000 -LEADER
fixed length control field 00689nam a22002057a 4500
005 - DATE AND TIME OF LATEST TRANSACTION
control field 20161205153100.0
010 ## - LCCN (DPL NO)
LC control number ENG-116741
020 ## - INTERNATIONAL STANDARD BOOK NUMBER
International Standard Book Number 9788184845358
Terms of availability 1180.00
035 ## - SYSTEM CONTROL NUMBER
System control number EN-100273
037 ## - SOURCE OF ACQUISITION
Source of stock number/acquisition DBAD/PUB
082 ## - DEWEY DECIMAL CLASSIFICATION NUMBER
Classification number 631.580954
100 ## - MAIN ENTRY--PERSONAL NAME
Personal name Sinha,Subodh Kumar
245 ## - TITLE STATEMENT
Title Productivity in Indian agriculture :
Statement of responsibility, etc by Subodh Kumar Sinha [and] Manindra K. Singh
Remainder of title changing patterns, research and technology /
260 ## - PUBLICATION, DISTRIBUTION, ETC. (IMPRINT)
Place of publication, distribution, etc New Delhi
Name of publisher, distributor, etc Regal Publications
Date of publication, distribution, etc 2016
270 ## - ADDRESS
Address F-159 Rajouri Garden
City New Delhi
Postal code 110027
300 ## - PHYSICAL DESCRIPTION
Extent xv,265p.:
Dimensions 23cm(Hb)
Other physical details ill
500 ## - GENERAL NOTE
General note Includes index
700 ## - ADDED ENTRY--PERSONAL NAME
Personal name Manindra K. Singh
942 ## - ADDED ENTRY ELEMENTS (KOHA)
Source of classification or shelving scheme Dewey Decimal Classification
Item type English Books
Classification part 631.580954
Call number suffix SIN
Holdings
Withdrawn status Lost status Not for loan Collection code Home library Current library Date acquired Source of acquisition Cost, normal purchase price Full call number Barcode Copy number Cost, replacement price Koha item type
      Non-fiction Central Jail Tihar Central Jail Tihar 30/11/2016 DBAD/PUB 1180.00 631.580954 SIN EN-100273 1 1180.00 English Books

© Delhi Public Library
Hit Counter
free hit counter